000 00452nam a22001697a 4500
999 _c182705
_d182705
005 20211202120718.0
010 _aENG-130173
020 _a978-93-89965-20-9
_c400.00
035 _aEN-113705
037 _bDBAD/PUB
082 _a370
100 _aVengatesan, K.
245 _aEducation in Contemporary:
_cK. Vengatesan
260 _aChennai
_c2020
_bGurushishya Yogam
300 _a712p.
_c22cm(hbk)
942 _2ddc
_cEN
_h370
_mVEN